Digital telephony (Record no. 3592)

000 -LEADER
fixed length control field 00571nam a2200217 a 4500
001 - CONTROL NUMBER
control field 3592
003 - CONTROL NUMBER IDENTIFIER
control field BD-DhUET
008 - FIXED-LENGTH DATA ELEMENTS--GENERAL INFORMATION
fixed length control field 900501s1991 nyua b 001 0 eng
020 ## - INTERNATIONAL STANDARD BOOK NUMBER
International Standard Book Number 0471620564
040 ## - CATALOGING SOURCE
Original cataloging agency DLC
Transcribing agency DLC
Modifying agency BD-DhUET
082 ## - DEWEY DECIMAL CLASSIFICATION NUMBER
Classification number 623.85
Item number BEL/1991
100 ## - MAIN ENTRY--PERSONAL NAME
Personal name Bellamy, John
245 10 - TITLE STATEMENT
Title Digital telephony
250 ## - EDITION STATEMENT
Edition statement 2nd ed.
260 ## - PUBLICATION, DISTRIBUTION, ETC. (IMPRINT)
Place of publication, distribution, etc. New York
Name of publisher, distributor, etc. John wiley & sons
Date of publication, distribution, etc. 1991
300 ## - PHYSICAL DESCRIPTION
Extent xix, 572 p.
Other physical details ill.
Dimensions 25 cm.
490 ## - SERIES STATEMENT
Series statement Wiley Series in telecommunications
504 ## - BIBLIOGRAPHY, ETC. NOTE
Bibliography, etc Includes bibliographies
650 #0 - SUBJECT ADDED ENTRY--TOPICAL TERM
Topical term or geographic name as entry element Digital telephony
942 ## - ADDED ENTRY ELEMENTS (KOHA)
Koha item type General Book
Holdings
Koha item type Koha date last borrowed Location (home branch) Lost status Source of classification or shelving scheme Shelving location Price effective from Koha date last seen Copy number Date acquired Damaged status Sublocation or collection (holding branch) Not for loan Koha issues (times borrowed) Withdrawn status Koha full call number Piece designation (barcode) Koha normalized classification for sorting
General Book2015-10-10Central Library, BUET  Circulation section2014-11-022016-02-0612014-11-02 Central Library, BUET 2 623.85/BEL/199183618623_000000000000000_85BEL1991
General Book Central Library, BUET  Circulation section2014-11-022017-08-2622014-11-02 Central Library, BUET   623.85/BEL/199183620623_000000000000000_85BEL1991
General Book Central Library, BUET  Circulation section2014-11-022017-08-1632014-11-02 Central Library, BUET   623.85/BEL/199183623623_000000000000000_85BEL1991
General Book2023-03-07Central Library, BUET  Circulation section2014-11-022024-02-2042014-11-02 Central Library, BUET 2 623.85/BEL/199186339623_850000000000000_BEL_1991
Reading Item Central Library, BUET  Reading section2015-07-012015-07-0152015-07-01 Central Library, BUET   623.85/BEL/199187594623_850000000000000_BEL_1991
Rental Item Central Library, BUET  Rental section2024-12-092024-12-09ক-১1992-06-06 Central Library, BUET   623.85 BEL/199183563623_850000000000000_BEL_1991
Rental Item Central Library, BUET  Rental section2024-12-092024-12-09ক-২1992-06-06 Central Library, BUET   623.85 BEL/199183564623_850000000000000_BEL_1991
Rental Item Central Library, BUET  Rental section2024-12-092024-12-09ক-৩1992-06-06 Central Library, BUET   623.85 BEL/199183565623_850000000000000_BEL_1991
Rental Item Central Library, BUET  Rental section2024-12-092024-12-09ক-৪1992-06-06 Central Library, BUET   623.85 BEL/199183566623_850000000000000_BEL_1991
Rental Item Central Library, BUET  Rental section2024-12-092024-12-09ক-৫1992-06-06 Central Library, BUET   623.85 BEL/199183567623_850000000000000_BEL_1991
Rental Item Central Library, BUET  Rental section2024-12-092024-12-09ক-৬1992-06-06 Central Library, BUET   623.85 BEL/199183568623_850000000000000_BEL_1991
Rental Item Central Library, BUET  Rental section2024-12-092024-12-09ক-৭1992-06-06 Central Library, BUET   623.85 BEL/199183569623_850000000000000_BEL_1991
Rental Item Central Library, BUET  Rental section2024-12-092024-12-09ক-৮1992-06-06 Central Library, BUET   623.85 BEL/199183570623_850000000000000_BEL_1991
Rental Item Central Library, BUET  Rental section2024-12-092024-12-09ক-৯1992-06-06 Central Library, BUET   623.85 BEL/199183571623_850000000000000_BEL_1991
Rental Item Central Library, BUET  Rental section2024-12-092024-12-09ক-১০1992-06-06 Central Library, BUET   623.85 BEL/199183572623_850000000000000_BEL_1991
Rental Item Central Library, BUET  Rental section2024-12-092024-12-09ক-১১1992-06-06 Central Library, BUET   623.85 BEL/199183573623_850000000000000_BEL_1991
Rental Item Central Library, BUET  Rental section2024-12-092024-12-09ক-১২1992-06-06 Central Library, BUET   623.85 BEL/199183574623_850000000000000_BEL_1991
Rental Item Central Library, BUET  Rental section2024-12-092024-12-09ক-১৩1992-06-06 Central Library, BUET   623.85 BEL/199183575623_850000000000000_BEL_1991
Rental Item Central Library, BUET  Rental section2024-12-092024-12-09ক-১৪1992-06-06 Central Library, BUET   623.85 BEL/199183576623_850000000000000_BEL_1991
Rental Item Central Library, BUET  Rental section2024-12-092024-12-09ক-১৫1992-06-06 Central Library, BUET   623.85 BEL/199183577623_850000000000000_BEL_1991